| 000 | 00420cam a22001814a 4500 | ||
|---|---|---|---|
| 005 | 20250605163449.0 | ||
| 008 | 250528s ||||||||||||||||||||||||d | ||
| 035 | _a19756 | ||
| 020 | _a71127798 | ||
| 040 |
_aGR-AtMCL _bgre _dGR-AtMCL _eAACR2 |
||
| 245 | 1 | _aSoftware Engineering | |
| 250 | _a3 | ||
| 260 |
_bMcgraw Hill _bPressman Roger, _c1992 |
||
| 300 | _a792 | ||
| 942 | _cBK | ||
| 999 |
_c5012 _d5012 |
||